[Event "Wiesbaden op 28th"]
[Site "Wiesbaden"]
[Date "2016.08.25"]
[Round "1"]
[White "Minor, Samuel"]
[Black "Hegener, Thorsten"]
[Result "1-0"]
[WhiteElo "2189"]
[BlackElo "1752"]
[PlyCount "55"]
[EventDate "2016.08.25"]
[EventType "swiss"]
[EventRounds "7"]
[EventCountry "GER"]
[SourceTitle "CBM 174 Extra"]
[Source "ChessBase"]
[SourceDate "2016.10.10"]
[SourceVersion "1"]
[SourceVersionDate "2016.10.10"]
[SourceQuality "1"]

1. e4 d5 2. exd5 Qxd5 3. Nc3 Qa5 4. d4 Nf6 5. Bc4 Bf5 6. Nf3 e6 7. Bd2 c6 8. Qe2 Be7 9. d5 cxd5 10. Nxd5 Qd8 11. Nxe7 Qxe7 12. Nd4 Be4 13. Bg5 Nc6 14. Nb5 Bf5 15. Bxf6 Qxf6 16. Nc7+ Kf8 17. Nxa8 Nd4 18. Qd2 Nxc2+ 19. Ke2 Nxa1 20. Qd6+ Qe7 21. Qb8+ Qe8 22. Qc7 Qc6 23. Rxa1 Qe4+ 24. Kf1 g6 25. Be2 Bh3 26. Qc8+ Ke7 27. Qc5+ Ke8 28. Bb5+ 1-0

[Event "Wiesbaden op 27th"]
[Site "Wiesbaden"]
[Date "2015.08.30"]
[Round "7"]
[White "Hegener, Daniel"]
[Black "Hegener, Thorsten"]
[Result "1/2-1/2"]
[WhiteElo "1143"]
[BlackElo "1742"]
[PlyCount "47"]
[EventDate "2015.08.27"]
[EventType "swiss"]
[EventRounds "7"]
[EventCountry "GER"]
[SourceTitle "EXT 2016"]
[Source "ChessBase"]
[SourceDate "2015.10.08"]
[SourceVersion "1"]
[SourceVersionDate "2015.10.08"]
[SourceQuality "1"]

1. c4 f5 2. d4 Nf6 3. Nc3 e6 4. Nf3 Be7 5. e3 d6 6. Be2 0-0 7. 0-0 Qe8 8. Bd2 Nc6 9. Qc2 Bd7 10. Rac1 a6 11. Rfd1 Rd8 12. d5 Ne5 13. dxe6 Bxe6 14. b3 h6 15. Nd4 Qd7 16. f4 Nc6 17. Nxe6 Qxe6 18. Nd5 Qd7 19. Nxf6+ Bxf6 20. Bf3 Rde8 21. Bd5+ Kh8 22. Bf3 Kg8 23. Bd5+ Kh8 24. Bf3 1/2-1/2

[Event "Wiesbaden op 27th"]
[Site "Wiesbaden"]
[Date "2015.08.30"]
[Round "6"]
[White "Hegener, Thorsten"]
[Black "Lehmann, Tim"]
[Result "1/2-1/2"]
[WhiteElo "1742"]
[BlackElo "1560"]
[PlyCount "87"]
[EventDate "2015.08.27"]
[EventType "swiss"]
[EventRounds "7"]
[EventCountry "GER"]
[SourceTitle "EXT 2016"]
[Source "ChessBase"]
[SourceDate "2015.10.08"]
[SourceVersion "1"]
[SourceVersionDate "2015.10.08"]
[SourceQuality "1"]

1. d4 Nf6 2. g3 g6 3. Nf3 d6 4. Bg2 Bg7 5. c4 Nbd7 6. 0-0 0-0 7. Nc3 e5 8. dxe5 Nxe5 9. Nxe5 dxe5 10. Bg5 Qxd1 11. Rfxd1 c6 12. Rd2 Be6 13. b3 h6 14. Bxf6 Bxf6 15. Ne4 Be7 16. Rad1 Kg7 17. Nd6 Bxd6 18. Rxd6 Kf6 19. Bh3 Rfe8 20. Kg2 h5 21. Kf3 g5 22. Bxe6 Rxe6 23. Rd7 b5 24. Rc7 a5 25. Rdd7 Rf8 26. Ra7 a4 27. bxa4 bxc4 28. Ke3 h4 29. Kd2 e4 30. e3 Kg7 31. Kc3 Rf6 32. Rd2 hxg3 33. hxg3 Rb8 34. a5 Rb1 35. Kxc4 Rc1+ 36. Kb3 Rf5 37. Kb2 Rc4 38. Kb3 Rc1 39. Rb2 Rfc5 40. Ka3 R1c3+ 41. Rb3 Rc2 42. Rb2 R5c3+ 43. Rb3 Rc5 44. Rb2 1/2-1/2

[Event "Hofheim Spring op-B 3rd"]
[Site "Hofheim"]
[Date "2015.04.08"]
[Round "3"]
[White "Schulze, Lara"]
[Black "Hegener, Thorsten"]
[Result "1-0"]
[WhiteElo "1888"]
[BlackElo "1732"]
[PlyCount "51"]
[EventDate "2015.04.07"]
[EventType "swiss"]
[EventRounds "9"]
[EventCountry "GER"]
[SourceTitle "CBM 166 Extra"]
[Source "ChessBase"]
[SourceDate "2015.06.18"]
[SourceVersion "1"]
[SourceVersionDate "2015.06.18"]
[SourceQuality "1"]

1. d4 f5 2. g3 Nf6 3. Bg2 e6 4. Nf3 Be7 5. 0-0 0-0 6. c4 d6 7. Nc3 Qe8 8. Re1 Nc6 9. e4 fxe4 10. Nxe4 Bd7 11. Neg5 e5 12. dxe5 dxe5 13. Nxe5 Nxe5 14. Rxe5 h6 15. Nf3 Qf7 16. Re1 Rad8 17. Ne5 Qe6 18. Ng6 Ba4 19. Bd5 Nxd5 20. Rxe6 Bxd1 21. cxd5 Bc5 22. Nxf8 Rxf8 23. Be3 Bxe3 24. fxe3 Bf3 25. e4 Bg4 26. Re7 1-0

[Event "Rhein Main op-B 16th"]
[Site "Bad Homburg"]
[Date "2013.05.31"]
[Round "4"]
[White "Rump, Andreas"]
[Black "Hegener, Thorsten"]
[Result "1/2-1/2"]
[WhiteElo "1967"]
[BlackElo "1657"]
[PlyCount "102"]
[EventDate "2013.05.29"]
[EventType "swiss"]
[EventRounds "7"]
[EventCountry "GER"]
[SourceTitle "EXT 2014"]
[Source "ChessBase"]
[SourceDate "2013.11.20"]
[SourceVersion "1"]
[SourceVersionDate "2013.11.20"]
[SourceQuality "1"]

1. e4 e5 2. Nf3 Nf6 3. Nxe5 d6 4. Nf3 Nxe4 5. Nc3 Nxc3 6. dxc3 Be7 7. Be3 Nc6 8. Qd2 Bg4 9. Be2 Qd7 10. h3 Bh5 11. 0-0-0 0-0-0 12. Rhe1 Kb8 13. g4 Bg6 14. Bb5 a6 15. Ba4 b5 16. Bb3 Na5 17. Ne5 Nxb3+ 18. axb3 Qe8 19. Nxg6 hxg6 20. h4 Rxh4 21. Qd4 c5 22. Qf4 f5 23. Bxc5 Rxg4 24. Bxd6+ Bxd6 25. Qxd6+ Rxd6 26. Rxe8+ Kc7 27. Rxd6 Kxd6 28. Ra8 Rg1+ 29. Kd2 Ra1 30. b4 Ke5 31. b3 g5 32. c4 bxc4 33. bxc4 Kd4 34. c5 Kd5 35. c4+ Kc6 36. Rc8+ Kd7 37. Rg8 Ra2+ 38. Kc3 Rxf2 39. Rxg7+ Kc6 40. Rg6+ Kb7 41. Rxg5 Rf3+ 42. Kd4 Rb3 43. Rxf5 Rxb4 44. Kd5 Rb1 45. Rf7+ Kb8 46. c6 Rd1+ 47. Kc5 Rc1 48. Rb7+ Kc8 49. Ra7 Ra1 50. Kb6 Rb1+ 51. Kxa6 Ra1+ 1/2-1/2

[Event "Rhein Main op-B 16th"]
[Site "Bad Homburg"]
[Date "2013.05.30"]
[Round "2"]
[White "Jordake, Michael"]
[Black "Hegener, Thorsten"]
[Result "0-1"]
[WhiteElo "1824"]
[BlackElo "1657"]
[PlyCount "134"]
[EventDate "2013.05.29"]
[EventType "swiss"]
[EventRounds "7"]
[EventCountry "GER"]
[SourceTitle "EXT 2014"]
[Source "ChessBase"]
[SourceDate "2013.11.20"]
[SourceVersion "1"]
[SourceVersionDate "2013.11.20"]
[SourceQuality "1"]

1. Nc3 d5 2. e4 dxe4 3. Nxe4 Bf5 4. Ng3 Bg6 5. Nf3 Nf6 6. Bc4 e6 7. d3 Bd6 8. 0-0 Nc6 9. Bd2 0-0 10. Nh4 Ne5 11. Bb3 Nd5 12. Nxg6 Nxg6 13. Ne4 Be5 14. Qh5 Bxb2 15. Rab1 Nf6 16. Qf3 Be5 17. Bb4 Nxe4 18. Qxe4 Bd6 19. Bxd6 cxd6 20. Qxb7 Qc8 21. Qb4 Qc7 22. f4 Rfb8 23. Qd2 Qc5+ 24. Kh1 Ne7 25. Rbe1 Nf5 26. Qf2 Qxf2 27. Rxf2 Nd4 28. Re4 Nxb3 29. axb3 Rb5 30. Ra4 a5 31. Rc4 a4 32. Rf1 axb3 33. cxb3 Rxb3 34. Rfc1 g6 35. Rd4 d5 36. h3 Raa3 37. Rd1 Rb2 38. Kh2 Raa2 39. Rg1 Rd2 40. Kg3 Ra3 41. Kh4 Rdxd3 42. Rb4 Rdb3 43. Rd4 Kg7 44. g3 h6 45. Rh1 Kf6 46. Rg1 g5+ 47. fxg5+ hxg5+ 48. Kg4 Kg6 49. h4 f5+ 50. Kh3 gxh4 51. Kxh4 Rb8 52. Kh3 Ra2 53. g4 Rb3+ 54. Rg3 Rxg3+ 55. Kxg3 fxg4 56. Kxg4 Kf6 57. Rd1 Rf2 58. Kg3 Rf5 59. Kg4 Ke5 60. Re1+ Kd6 61. Rd1 Rf8 62. Ra1 d4 63. Ra6+ Kd5 64. Ra7 d3 65. Rd7+ Ke4 66. Rd6 e5 67. Rd7 Ke3 0-1